000 00903nam a2200265 a 4500
003 DO-SdBNP
005 20260224115651.0
007 ta
008 090915s2009 dr bdo 000 0 spa d
040 _aDO-SdBNP
_bspa
_cBNPHU
082 _a352.387
_bN964e
110 _aRepública Dominicana
_bJunta Central Electoral
_964605
245 1 0 _aRegistro civil en una nueva era /
_cfotografía Rodolfo Pacheco, Virgilio Féliz
246 1 3 _aLa nueva era del registro civil /
260 _aSanto Domingo :
_bJunta Central Electoral,
_c2009.
300 _a351 p. :
_bmap., diagr., fot. ;
_c22 cm.
500 _aSolo 1 ejemplar tiene datos en la contraportada.
590 _aInventariado, 2022/ YL
650 0 _aRegistro civil
_922161
650 4 _aRegistro público
_922162
700 1 2 _aPacheco, Rodolfo
_efot.
_982893
700 1 2 _aFéliz, Virgilio
_efot.
_982894
910 _aYLockward
942 _2ddc
_cLBS1
999 _c7942
_d7942